[Event "España ch 2010 sub-14"]
[Site "Linares ESP"]
[Date "2010.07.16"]
[Round "6.18"]
[White "Lopez Martin, Jaime"]
[Black "Buendia Pinar, Alvaro"]
[Result "1-0"]
[WhiteElo "1757"]
[BlackElo "1905"]
[PlyCount "71"]
[EventDate "2010.07.13"]
[EventType "swiss"]
[EventRounds "9"]
[EventCountry "ESP"]
[Source "lmi"]
[SourceDate "2010.07.13"]

1. c4 e5 2. g3 Nf6 3. Bg2 d5 4. cxd5 Nxd5 5. Nc3 Nb6 6. Nf3 Nc6 7. O-O Be7 8.
d3 Be6 9. a3 O-O 10. b4 a5 11. b5 Nd4 12. Nd2 Nd5 13. Bxd5 Bxd5 14. e3 Nxb5 15.
Nxb5 Bc6 16. Qb3 a4 17. Qc4 Qd7 18. Rb1 Ra5 19. Nc3 b5 20. Qa2 Qxd3 21. Qa1 Rd8
22. Rd1 Bc5 23. Nf1 Qf5 24. Rxd8+ Bf8 25. e4 Qf6 26. Rd1 Qg6 27. Be3 f5 28.
Qa2+ Kh8 29. Rd8 Qf6 30. Qd2 Ra6 31. Bc5 Ra8 32. Rxa8 Bxa8 33. Bxf8 fxe4 34.
Be7 Qxe7 35. Rd1 e3 36. Qd8+ 1-0

[Event "España ch 2010 sub-14"]
[Site "Linares ESP"]
[Date "2010.07.16"]
[Round "6.19"]
[White "Gonzalez Benavides, Jose Antonio"]
[Black "Perez Cabas, Jose"]
[Result "0-1"]
[WhiteElo "1750"]
[BlackElo "1873"]
[PlyCount "98"]
[EventDate "2010.07.13"]
[EventType "swiss"]
[EventRounds "9"]
[EventCountry "ESP"]
[Source "lmi"]
[SourceDate "2010.07.13"]

1. e4 c5 2. Nf3 e6 3. d4 cxd4 4. Nxd4 Nc6 5. Nc3 a6 6. Be2 Qc7 7. O-O Nf6 8.
Be3 Bb4 9. Na4 Bd6 10. f4 Nxe4 11. Nxc6 Qxc6 12. Nb6 Bc5 13. Nc4 b5 14. b4
Bxe3+ 15. Nxe3 Nc3 16. Qd2 Nxe2+ 17. Qxe2 O-O 18. Rad1 Qc3 19. Qf3 Bb7 20. Qxb7
Qxe3+ 21. Kh1 d5 22. f5 Qa7 23. Qc6 Rfc8 24. Qd6 Qc7 25. Qxc7 Rxc7 26. Rd2 Rc4
27. fxe6 fxe6 28. Rb1 Rac8 29. Rb2 Kf7 30. Kg1 Kf6 31. Kf2 Kf5 32. Re2 e5 33.
h3 h5 34. Ke1 Re4 35. Rxe4 Kxe4 36. Ke2 Rc3 37. Kf2 g5 38. Ke2 g4 39. hxg4 hxg4
40. Kf2 d4 41. Ke2 Kf4 42. Kf2 e4 43. Kf1 Ke3 44. Ke1 g3 45. Rb3 Rxb3 46. axb3
d3 47. c4 d2+ 48. Kd1 Kd3 49. cxb5 e3 0-1

[Event "España ch 2010 sub-14"]
[Site "Linares ESP"]
[Date "2010.07.16"]
[Round "6.20"]
[White "Garcia-Castany Musellas, Gal.la"]
[Black "Ordoñez Torres, Maria Del Carme"]
[Result "0-1"]
[WhiteElo "1753"]
[BlackElo "1871"]
[PlyCount "54"]
[EventDate "2010.07.13"]
[EventType "swiss"]
[EventRounds "9"]
[EventCountry "ESP"]
[Source "lmi"]
[SourceDate "2010.07.13"]

1. e4 e5 2. Nf3 Nc6 3. Bb5 a6 4. Ba4 Nf6 5. d3 d6 6. c3 g6 7. O-O Bg7 8. Re1
O-O 9. Nbd2 b5 10. Bc2 Bb7 11. Nf1 Re8 12. Bg5 Nb8 13. Ne3 h6 14. Bh4 Nbd7 15.
Qd2 Kh7 16. Bb3 Rf8 17. h3 Nc5 18. Bc2 Ne6 19. Nh2 Nf4 20. Kh1 d5 21. exd5
N4xd5 22. Nhg4 Nf4 23. Kh2 Nxg4+ 24. Nxg4 Qxh4 25. Qe3 Nxg2 26. Qg3 Qxg3+ 27.
fxg3 Nxe1 0-1

[Event "España ch 2010 sub-14"]
[Site "Linares ESP"]
[Date "2010.07.16"]
[Round "6.21"]
[White "Garcia Acosta, Roger"]
[Black "Jimenez Peñafiel, Gustavo"]
[Result "1/2-1/2"]
[WhiteElo "1857"]
[BlackElo "1746"]
[PlyCount "74"]
[EventDate "2010.07.13"]
[EventType "swiss"]
[EventRounds "9"]
[EventCountry "ESP"]
[Source "lmi"]
[SourceDate "2010.07.13"]

1. e4 e6 2. d4 d5 3. Nd2 dxe4 4. Nxe4 Nd7 5. Nf3 Ngf6 6. Ng3 Be7 7. Bd3 O-O 8.
O-O c5 9. c3 cxd4 10. Nxd4 Nb6 11. Qc2 Nbd5 12. a3 Qb6 13. Rd1 Bc5 14. b4 Bxd4
15. cxd4 Bd7 16. Ne4 Nxe4 17. Bxe4 Rac8 18. Qd3 Nf6 19. Bg5 Nxe4 20. Qxe4 Ba4
21. Rdc1 Rc6 22. Qg4 Kh8 23. Be3 Qd8 24. Rxc6 Bxc6 25. Bg5 Qd5 26. f3 Bd7 27.
Qh4 f6 28. Be3 Bc6 29. Qe1 Rd8 30. Qc3 Kg8 31. Rc1 a6 32. Qc5 Kf7 33. Qxd5 Rxd5
34. Rc5 Ke7 35. Kf2 Rd7 36. Rh5 h6 37. Rc5 Rd5 1/2-1/2

[Event "España ch 2010 sub-14"]
[Site "Linares ESP"]
[Date "2010.07.16"]
[Round "6.22"]
[White "Martin Perez, Laura"]
[Black "Ventura Bolet, Maxim"]
[Result "0-1"]
[WhiteElo "1738"]
[BlackElo "1846"]
[PlyCount "174"]
[EventDate "2010.07.13"]
[EventType "swiss"]
[EventRounds "9"]
[EventCountry "ESP"]
[Source "lmi"]
[SourceDate "2010.07.13"]

1. e4 c5 2. Nc3 a6 3. g3 b5 4. Bg2 Bb7 5. f4 e6 6. d3 b4 7. Nce2 d5 8. e5 Nc6
9. Nf3 Be7 10. c3 a5 11. Qc2 h5 12. h3 Nh6 13. Be3 Qc7 14. Bf2 Rb8 15. O-O Kd7
16. c4 d4 17. Rfe1 Nd8 18. Kh2 Bc6 19. b3 Qb7 20. Neg1 Ng4+ 21. Kh1 g5 22. Qe2
Nxf2+ 23. Qxf2 g4 24. Nd2 h4 25. Ne4 hxg3 26. Qf1 Kc7 27. Qe2 gxh3 28. Nxh3 Qa8
29. Kg1 Nb7 30. Neg5 Bxg2 31. Qxg2 Bxg5 32. Nxg5 Rh4 33. Qxg3 Rbh8 34. Nf3 R4h5
35. Kf2 Rh3 36. Qg2 R8h5 37. Rh1 Qh8 38. Rxh3 Rxh3 39. Rg1 Qh5 40. Qg4 Qxg4 41.
Rxg4 Rh1 42. Rg1 Rh8 43. Rg7 Nd8 44. Nd2 Rh2+ 45. Rg2 Rh3 46. Nf3 Kd7 47. Rg3
Rh1 48. Rg1 Rh8 49. Ng5 Rh4 50. Kg3 Rh8 51. Ne4 Nb7 52. Ng5 Ke7 53. Nf3 a4 54.
Nd2 Ra8 55. Rg2 axb3 56. Nxb3 Ra3 57. Rd2 Na5 58. Nxa5 Rxa5 59. Kf3 Ra8 60. Rg2
Rh8 61. Ke2 Rh1 62. Rf2 Ra1 63. Kf3 Kd7 64. Rg2 Kc6 65. Rf2 Kd7 66. Rg2 Ke7 67.
Rf2 f5 68. Rg2 Kf7 69. Rh2 Rf1+ 70. Rf2 Re1 71. Kg2 Rd1 72. Kf3 Rxd3+ 73. Ke2
Ra3 74. Kd1 Rc3 75. Rh2 Kg6 76. Rg2+ Kh5 77. Rg5+ Kh6 78. Rg8 Rxc4 79. Re8 d3
80. Rxe6+ Kg7 81. Rd6 Rxf4 82. Rxd3 Rd4 83. Rxd4 cxd4 84. Kd2 f4 85. Kd3 f3 86.
Kd2 Kf7 87. Ke1 d3 0-1

[Event "España ch 2010 sub-14"]
[Site "Linares ESP"]
[Date "2010.07.16"]
[Round "6.23"]
[White "Pozanco Romasanta, Marc"]
[Black "Alonso Vara, Maria"]
[Result "1/2-1/2"]
[WhiteElo "1843"]
[BlackElo "1736"]
[PlyCount "78"]
[EventDate "2010.07.13"]
[EventType "swiss"]
[EventRounds "9"]
[EventCountry "ESP"]
[Source "lmi"]
[SourceDate "2010.07.13"]

1. b3 d5 2. Bb2 e6 3. e3 c6 4. d3 f5 5. Nd2 Nf6 6. Be2 Bd6 7. Ngf3 Nbd7 8. d4
O-O 9. Ne5 Ne4 10. O-O Qf6 11. f4 Bb4 12. Nxe4 fxe4 13. a3 Bd6 14. c4 Bc7 15.
b4 Nxe5 16. dxe5 Qf7 17. g4 g6 18. Kh1 a5 19. g5 axb4 20. axb4 Rxa1 21. Bxa1
Qe7 22. c5 b6 23. Bd4 b5 24. Qe1 Bb7 25. h4 Kf7 26. h5 Ke8 27. Kg2 Rg8 28. hxg6
hxg6 29. Rh1 Qf7 30. Rh6 Qg7 31. Qh1 Qf7 32. Qf1 Qd7 33. Bg4 Qf7 34. Qh1 Ke7
35. Qh3 Bc8 36. Rh7 Rg7 37. Rh8 Rg8 38. Qh6 Rxh8 39. Qxh8 Qf8 1/2-1/2

[Event "España ch 2010 sub-14"]
[Site "Linares ESP"]
[Date "2010.07.16"]
[Round "6.24"]
[White "Fernandez Gil, Ruben Carlos"]
[Black "Monge Gilgado, Eva Maria"]
[Result "1/2-1/2"]
[WhiteElo "1721"]
[BlackElo "1811"]
[PlyCount "68"]
[EventDate "2010.07.13"]
[EventType "swiss"]
[EventRounds "9"]
[EventCountry "ESP"]
[Source "lmi"]
[SourceDate "2010.07.13"]

1. e4 c5 2. Nf3 d6 3. d4 cxd4 4. Nxd4 Nf6 5. Nc3 a6 6. Be3 Ng4 7. Qe2 Nxe3 8.
Qxe3 Nc6 9. Nxc6 bxc6 10. Bc4 e6 11. O-O Be7 12. Bb3 O-O 13. f4 Qa5 14. Kh1 Bb7
15. f5 exf5 16. Rxf5 Qc7 17. Raf1 Bf6 18. Qg3 Kh8 19. Qf3 Qe7 20. Ne2 Bc8 21.
Rf4 Be6 22. Bxe6 fxe6 23. g4 Kg8 24. Qa3 d5 25. Qxe7 Bxe7 26. Rxf8+ Rxf8 27.
Rxf8+ Kxf8 28. exd5 exd5 29. Kg2 Bf6 30. b3 Be5 31. h3 Ke7 32. Nc1 Kd6 33. Nd3
c5 34. Kf3 a5 1/2-1/2

[Event "España ch 2010 sub-14"]
[Site "Linares ESP"]
[Date "2010.07.16"]
[Round "6.25"]
[White "Martin Prior, Francisco Jose"]
[Black "Diaz Camallonga, Carles"]
[Result "1-0"]
[WhiteElo "1710"]
[BlackElo "1799"]
[PlyCount "97"]
[EventDate "2010.07.13"]
[EventType "swiss"]
[EventRounds "9"]
[EventCountry "ESP"]
[Source "lmi"]
[SourceDate "2010.07.13"]

1. d4 Nf6 2. c4 g6 3. Nc3 d5 4. cxd5 Nxd5 5. e4 Nxc3 6. bxc3 Bg7 7. Bc4 c5 8.
Ne2 O-O 9. O-O Nc6 10. Be3 Na5 11. Bd3 b6 12. Rc1 Qc7 13. Qd2 Rd8 14. f4 Bb7
15. f5 Qd7 16. fxg6 fxg6 17. h4 Rf8 18. Bh6 Rxf1+ 19. Rxf1 Rf8 20. Rxf8+ Bxf8
21. Bxf8 Kxf8 22. Qf4+ Kg7 23. Qe5+ Kg8 24. Qb8+ Kf7 25. Qxa7 c4 26. Bc2 Qg4
27. Kf1 Qe6 28. Qb8 Qf6+ 29. Qf4 e6 30. Kf2 Qxf4+ 31. Nxf4 Bc6 32. Ke3 Bd7 33.
Ne2 Bc6 34. Ng1 Bb7 35. g4 h6 36. Nf3 Kg7 37. Ne5 g5 38. hxg5 hxg5 39. Nd7 b5
40. Nc5 Bc8 41. e5 Nb7 42. Nxb7 Bxb7 43. Be4 Ba6 44. a3 Kf7 45. Bc6 Ke7 46. Ke4
Kd8 47. d5 Kc7 48. Kd4 Kb6 49. Bd7 1-0

[Event "España ch 2010 sub-14"]
[Site "Linares ESP"]
[Date "2010.07.17"]
[Round "7.1"]
[White "Santos Latasa, Jaime"]
[Black "Suarez Garcia, Carlos"]
[Result "1-0"]
[WhiteElo "2255"]
[BlackElo "2200"]
[PlyCount "113"]
[EventDate "2010.07.13"]
[EventType "swiss"]
[EventRounds "9"]
[EventCountry "ESP"]
[Source "lmi"]
[SourceDate "2010.07.13"]

1. e4 c5 2. Nf3 e6 3. d4 cxd4 4. Nxd4 Nc6 5. Nc3 Qc7 6. Be2 a6 7. O-O Nf6 8.
Kh1 b5 9. Nxc6 dxc6 10. Bd3 c5 11. Re1 c4 12. Bf1 h5 13. Qf3 Ng4 14. Bf4 Qb6
15. Kg1 Bc5 16. Nd1 e5 17. Bd2 Be6 18. h3 Rd8 19. Re2 O-O 20. Qg3 f5 21. exf5
Bxf5 22. hxg4 Bxg4 23. Be3 Bxe2 24. Bxe2 Bxe3 25. Qxe3 Qxe3 26. Nxe3 g6 27. Rd1
Rd4 28. c3 Rxd1+ 29. Bxd1 Kf7 30. Kf1 Ke6 31. Bf3 Rb8 32. Ke2 Kd6 33. Be4 Rg8
34. f3 Rg7 35. Kf2 Ke6 36. Kg3 g5 37. Kf2 Kf6 38. a4 Rd7 39. Ke2 Rd6 40. a5 g4
41. fxg4 hxg4 42. Nxg4+ Kg5 43. Ne3 Kf4 44. Bb7 e4 45. g3+ Ke5 46. Ng4+ Kf5 47.
Nf2 Ke5 48. Bxe4 Rd7 49. Ke3 Kd6 50. Bf5 Rd8 51. g4 Kc6 52. g5 b4 53. g6 bxc3
54. bxc3 Kb5 55. Ne4 Kxa5 56. Be6 Kb5 57. g7 1-0

[Event "España ch 2010 sub-14"]
[Site "Linares ESP"]
[Date "2010.07.17"]
[Round "7.2"]
[White "Shen, Yue"]
[Black "Martin Duque, Jesus"]
[Result "1-0"]
[WhiteElo "1849"]
[BlackElo "2073"]
[PlyCount "90"]
[EventDate "2010.07.13"]
[EventType "swiss"]
[EventRounds "9"]
[EventCountry "ESP"]
[Source "lmi"]
[SourceDate "2010.07.13"]

1. e4 e6 2. d4 d5 3. Nd2 Nf6 4. e5 Nfd7 5. Bd3 c5 6. c3 Nc6 7. Ne2 Qb6 8. Nf3
cxd4 9. cxd4 f6 10. exf6 Nxf6 11. O-O Bd6 12. Nc3 O-O 13. a3 Bd7 14. Be3 Rae8
15. Re1 Re7 16. Ne5 Be8 17. f4 Bh5 18. Qd2 Ng4 19. Na4 Qc7 20. b4 Bxe5 21. fxe5
Ncxe5 22. dxe5 Qxe5 23. g3 Rf3 24. Bc5 Qf6 25. Qb2 Qh6 26. Bxe7 Be8 27. Rf1
Qe3+ 28. Kg2 Nxh2 29. Kxh2 Qxd3 30. Nc5 Qe3 31. Qg2 Qh6+ 32. Kg1 Qe3+ 33. Kh1
Bh5 34. Bg5 Qc3 35. Kh2 Bg4 36. Qd2 Qe5 37. Rxf3 Bxf3 38. Re1 Qf5 39. Rxe6 Qf7
40. Qf4 Qh5+ 41. Bh4 h6 42. Qb8+ Kh7 43. Re8 Qg4 44. Rh8+ Kg6 45. Qe8+ Kf5 1-0

[Event "España ch 2010 sub-14"]
[Site "Linares ESP"]
[Date "2010.07.17"]
[Round "7.3"]
[White "Moreno Ibañez, Miguel"]
[Black "Herrera Gonzalez, Javier"]
[Result "1/2-1/2"]
[WhiteElo "1946"]
[BlackElo "1868"]
[PlyCount "71"]
[EventDate "2010.07.13"]
[EventType "swiss"]
[EventRounds "9"]
[EventCountry "ESP"]
[Source "lmi"]
[SourceDate "2010.07.13"]

1. e4 e6 2. d4 d5 3. Nd2 Nf6 4. e5 Nfd7 5. Bd3 c5 6. c3 Nc6 7. Ngf3 Qb6 8. O-O
cxd4 9. cxd4 Nxd4 10. Nxd4 Qxd4 11. Nf3 Qb6 12. Qa4 Qb4 13. Qc2 Nb6 14. Be3 Nc4
15. Bd4 Bd7 16. a3 Qa5 17. b3 Nxa3 18. Qb2 Qb4 19. Bc3 Qe7 20. Nd4 b5 21. f4 b4
22. Bd2 g6 23. Rac1 Rc8 24. Rxc8+ Bxc8 25. Rc1 Qb7 26. Rc6 Bd7 27. Ba6 Qb8 28.
Qc1 Bxc6 29. Qxc6+ Kd8 30. f5 gxf5 31. Kh1 Be7 32. Qa4 Kc7 33. Qc6+ Kd8 34. Qa4
Kc7 35. Qc6+ Kd8 36. Qa4 1/2-1/2

[Event "España ch 2010 sub-14"]
[Site "Linares ESP"]
[Date "2010.07.17"]
[Round "7.4"]
[White "Escudero Manzano, Alejandro"]
[Black "Valero Gutierrez, Alvaro"]
[Result "1-0"]
[WhiteElo "2125"]
[BlackElo "1847"]
[PlyCount "183"]
[EventDate "2010.07.13"]
[EventType "swiss"]
[EventRounds "9"]
[EventCountry "ESP"]
[Source "lmi"]
[SourceDate "2010.07.13"]

1. e4 Nc6 2. Nf3 e5 3. Bc4 Nf6 4. d3 Be7 5. O-O O-O 6. c3 d6 7. Bb3 Bg4 8. Re1
Qd7 9. Nbd2 Rae8 10. Nf1 Kh8 11. h3 Bh5 12. Ng3 Bg6 13. Nh4 Na5 14. Bc2 c5 15.
Bg5 h6 16. Bxf6 Bxf6 17. Nxg6+ fxg6 18. c4 Bh4 19. Ba4 Nc6 20. Rf1 Re7 21. Nh1
Ref7 22. Bxc6 bxc6 23. Qg4 Bg5 24. Qxd7 Rxd7 25. Ng3 Kg8 26. Ne2 d5 27. cxd5
cxd5 28. Nc3 dxe4 29. Nxe4 Be7 30. Rfd1 Rd4 31. Rac1 Rc8 32. Rc4 Kf7 33. Kf1
Ke6 34. Ke2 Kd5 35. Nc3+ Kc6 36. f3 Rcd8 37. b3 Rxc4 38. dxc4 a6 39. Rxd8 Bxd8
40. Ke3 Bg5+ 41. Ke4 Kd6 42. Ne2 Ke6 43. a3 Bd2 44. g4 g5 45. Ng3 g6 46. Kd3
Bc1 47. a4 Bb2 48. Ne4 Ba3 49. Nc3 Bb4 50. Na2 Ba5 51. Ke3 Kf6 52. Kd3 Ke6 53.
Ke4 Kd6 54. Nc1 Bb4 55. Ke3 Bc3 56. Ne2 Bb4 57. Ng3 Ke7 58. Ne4 Ke6 59. Kd3 Ba3
60. Kc2 Bb4 61. Kb2 Ke7 62. Nf2 Kd6 63. Nd3 Bd2 64. Ka3 a5 65. Kb2 h5 66. Nf2
hxg4 67. hxg4 Be3 68. Ne4+ Ke6 69. Kc3 Bd4+ 70. Kd3 Ke7 71. Nxg5 Kf6 72. Ne4+
Ke6 73. Ng3 Bf2 74. Ne4 Bd4 75. Nd2 Kf6 76. Ke4 Kg5 77. Nb1 Bb2 78. Nd2 Bd4 79.
b4 cxb4 80. Nb3 Kf6 81. Nxa5 Ke6 82. Nb3 Bb6 83. Kd3 Kd7 84. c5 Bc7 85. Kc4 Kc6
86. Kxb4 Bd8 87. Kc4 Bc7 88. a5 Bb8 89. a6 Bc7 90. Nc1 Ba5 91. Nd3 Bc7 92. Nb4+
1-0

[Event "España ch 2010 sub-14"]
[Site "Linares ESP"]
[Date "2010.07.17"]
[Round "7.5"]
[White "Gutierrez Valero, Mario"]
[Black "Romero Calduch, Sergio"]
[Result "1-0"]
[WhiteElo "2071"]
[BlackElo "1734"]
[PlyCount "75"]
[EventDate "2010.07.13"]
[EventType "swiss"]
[EventRounds "9"]
[EventCountry "ESP"]
[Source "lmi"]
[SourceDate "2010.07.13"]

1. d4 f5 2. Nf3 Nf6 3. c4 d6 4. g3 g6 5. Bg2 Bg7 6. O-O O-O 7. b4 Qe8 8. Bb2 e5
9. dxe5 Ng4 10. c5 dxc5 11. h3 Nh6 12. Qd5+ Qe6 13. Qxc5 Qb6 14. Qc3 Nc6 15.
Qb3+ Kh8 16. b5 Na5 17. Qd3 c6 18. a4 Rd8 19. Bd4 Qc7 20. Qc3 Be6 21. Nbd2 Nf7
22. Rac1 Rac8 23. Qb2 b6 24. bxc6 Nxc6 25. Kh1 Qd7 26. Bc3 f4 27. gxf4 Bxh3 28.
e6 Qxe6 29. Bxg7+ Kg8 30. Rfd1 Bxg2+ 31. Kxg2 Rd5 32. Nf1 Rcd8 33. Rxd5 Rxd5
34. Ng3 Qd7 35. Bc3 Nfd8 36. Qb3 Ne6 37. e3 Rd3 38. Ng5 1-0

[Event "España ch 2010 sub-14"]
[Site "Linares ESP"]
[Date "2010.07.17"]
[Round "7.6"]
[White "Serarols Mabras, Bernat"]
[Black "Forsberg Conde, Martin"]
[Result "1/2-1/2"]
[WhiteElo "1827"]
[BlackElo "2010"]
[PlyCount "94"]
[EventDate "2010.07.13"]
[EventType "swiss"]
[EventRounds "9"]
[EventCountry "ESP"]
[Source "lmi"]
[SourceDate "2010.07.13"]

1. d4 d5 2. c4 e6 3. Nc3 Nf6 4. cxd5 exd5 5. Bg5 Nbd7 6. Nf3 c6 7. e3 Be7 8.
Bd3 Ne4 9. Bxe7 Qxe7 10. Qc2 f5 11. O-O O-O 12. Rab1 Qd6 13. b4 b6 14. Rfc1 Bb7
15. Na4 Rac8 16. Qb2 Rc7 17. Rc2 g6 18. Rbc1 Rfc8 19. h3 h6 20. Qb3 Kh7 21. Qb1
a6 22. Ne5 Nxe5 23. dxe5 Qxe5 24. Nxb6 Rf8 25. Bxe4 fxe4 26. Na4 g5 27. Nc5 Bc8
28. Qb2 Qf5 29. Nb3 g4 30. hxg4 Qxg4 31. Qe5 Rg7 32. Qh2 Bd7 33. Nd4 Rf6 34. a4
Rfg6 35. g3 h5 36. Nxc6 Bxc6 37. Rxc6 Rxc6 38. Rxc6 Qd1+ 39. Kg2 Qf3+ 40. Kf1
Rf7 41. Rc1 d4 42. Qg2 Qxe3 43. Re1 Qd3+ 44. Kg1 e3 45. fxe3 dxe3 46. Qe2 Qxe2
47. Rxe2 Rb7 1/2-1/2

[Event "España ch 2010 sub-14"]
[Site "Linares ESP"]
[Date "2010.07.17"]
[Round "7.9"]
[White "Ordoñez Torres, Maria Del Carme"]
[Black "Ballester Llagaria, Luis Eduardo"]
[Result "0-1"]
[WhiteElo "1871"]
[BlackElo "2056"]
[PlyCount "102"]
[EventDate "2010.07.13"]
[EventType "swiss"]
[EventRounds "9"]
[EventCountry "ESP"]
[Source "lmi"]
[SourceDate "2010.07.13"]

1. e4 c5 2. Nf3 e6 3. d4 cxd4 4. Nxd4 Nf6 5. Nc3 Nc6 6. Ndb5 d6 7. Bf4 e5 8.
Bg5 a6 9. Na3 Be6 10. Bxf6 Qxf6 11. Nc4 Rc8 12. Nb6 Rb8 13. Ncd5 Qd8 14. Be2
Be7 15. O-O O-O 16. Nxe7+ Qxe7 17. Nd5 Qd7 18. f4 exf4 19. Rxf4 Ne5 20. Qd4
Rfe8 21. Rd1 Qc6 22. Ne3 Rbd8 23. c4 Qa4 24. Rf2 Qxa2 25. Qb6 Nxc4 26. Nxc4
Bxc4 27. Qxb7 Bxe2 28. Rxe2 Qc4 29. Rde1 Qd4+ 30. Kh1 Qc4 31. Qb6 Rc8 32. h3
Qc6 33. Qd4 h6 34. Re3 Qc5 35. Qd3 a5 36. R3e2 Qe5 37. Qd2 Rc4 38. Qd3 Rb4 39.
Qc2 Reb8 40. Rb1 a4 41. Re3 Rxb2 42. Rxb2 Rxb2 43. Qc8+ Kh7 44. Re1 a3 45. Qc1
a2 46. Qa1 Qb5 47. Rg1 Qb3 48. Kh2 Rb1 49. Qd4 Rxg1 50. e5 Qb1 51. exd6 a1=Q
0-1

[Event "España ch 2010 sub-14"]
[Site "Linares ESP"]
[Date "2010.07.17"]
[Round "7.10"]
[White "Capote Robayna, Nathaniel"]
[Black "Alvarez Serrano, Carlos"]
[Result "1/2-1/2"]
[WhiteElo "1970"]
[BlackElo "1790"]
[PlyCount "46"]
[EventDate "2010.07.13"]
[EventType "swiss"]
[EventRounds "9"]
[EventCountry "ESP"]
[Source "lmi"]
[SourceDate "2010.07.13"]

1. e4 e6 2. d4 d5 3. Nd2 Nf6 4. e5 Nfd7 5. Bd3 c5 6. c3 Nc6 7. Ne2 cxd4 8. cxd4
f6 9. exf6 Nxf6 10. O-O Bd6 11. Nf3 Qc7 12. Bg5 O-O 13. Bh4 Bd7 14. Bg3 Rae8
15. Rc1 Bxg3 16. hxg3 Qb6 17. b3 Nb4 18. Nc3 Nxd3 19. Qxd3 Ne4 20. Ne5 Re7 21.
Qe3 Bb5 22. Nxb5 Qxb5 23. Rc2 Qa6 1/2-1/2

[Event "España ch 2010 sub-14"]
[Site "Linares ESP"]
[Date "2010.07.17"]
[Round "7.12"]
[White "Ventura Bolet, Maxim"]
[Black "Rubio Tent, Francisco"]
[Result "1/2-1/2"]
[WhiteElo "1846"]
[BlackElo "1954"]
[PlyCount "94"]
[EventDate "2010.07.13"]
[EventType "swiss"]
[EventRounds "9"]
[EventCountry "ESP"]
[Source "lmi"]
[SourceDate "2010.07.13"]

1. Nf3 d5 2. g3 Nf6 3. Bg2 c6 4. O-O Bf5 5. d3 e6 6. Nbd2 Be7 7. b3 O-O 8. Bb2
Nbd7 9. c4 Qc7 10. Rc1 a5 11. a3 Bg6 12. Rc2 Rfc8 13. Qa1 Qd8 14. Rfc1 Nc5 15.
Ne5 Bh5 16. Re1 Qb6 17. Bd4 Ra6 18. Qc3 Bd6 19. Nef3 Qd8 20. cxd5 Nxd5 21. Qb2
Qf8 22. Nc4 Be7 23. Nfe5 f6 24. Bxc5 Bxc5 25. Nd7 Qe7 26. Nxc5 Qxc5 27. Bh3 Qe7
28. e4 Nb6 29. e5 Nxc4 30. dxc4 f5 31. Rd2 Rd8 32. Re3 Raa8 33. Red3 Rxd3 34.
Rxd3 Rd8 35. Qd2 Rxd3 36. Qxd3 Qxa3 37. Qd8+ Kf7 38. Qc7+ Qe7 39. Qxa5 Qd7 40.
Qe1 Qd3 41. Qe3 Qxe3 42. fxe3 c5 43. Bg2 Bd1 44. Bxb7 Bxb3 45. Ba6 Ke7 46. Kf2
Kd7 47. Ke2 Kc7 1/2-1/2

[Event "España ch 2010 sub-14"]
[Site "Linares ESP"]
[Date "2010.07.17"]
[Round "7.13"]
[White "Jimenez Almeida, Luis David"]
[Black "Lopez Martin, Jaime"]
[Result "1-0"]
[WhiteElo "1936"]
[BlackElo "1757"]
[PlyCount "97"]
[EventDate "2010.07.13"]
[EventType "swiss"]
[EventRounds "9"]
[EventCountry "ESP"]
[Source "lmi"]
[SourceDate "2010.07.13"]

1. e4 c5 2. Nc3 a6 3. d3 Nc6 4. f4 e6 5. g3 d5 6. Bg2 Nf6 7. Nf3 b5 8. Ne5 Bb7
9. Nxc6 Bxc6 10. e5 Nd7 11. Ne2 Qb6 12. d4 c4 13. O-O h5 14. c3 Be7 15. f5 exf5
16. Rxf5 g6 17. Rf2 Nf8 18. Bh3 Bd7 19. Bxd7+ Nxd7 20. Nf4 Qc6 21. e6 Nf6 22.
exf7+ Kxf7 23. Rf1 Qd7 24. Qf3 Kg7 25. Bd2 Raf8 26. Rae1 Ne4 27. Rxe4 dxe4 28.
Qxe4 Rf6 29. Re1 Bd8 30. Ne6+ Kh7 31. Nxd8 Rxd8 32. Bg5 Rdf8 33. Bxf6 Rxf6 34.
Qe7+ Qxe7 35. Rxe7+ Kh6 36. Kg2 g5 37. h3 Kg6 38. Re3 Rd6 39. g4 hxg4 40. hxg4
Kf6 41. Kf3 Rd5 42. Ke4 Rd8 43. Rf3+ Kg6 44. d5 Re8+ 45. Kd4 a5 46. d6 Rd8 47.
Kc5 b4 48. Kc6 b3 49. a4 1-0

[Event "España ch 2010 sub-14"]
[Site "Linares ESP"]
[Date "2010.07.17"]
[Round "7.14"]
[White "Galvan Prieto, Albano"]
[Black "Garcia De Lomas Guerrero, Carlos"]
[Result "1/2-1/2"]
[WhiteElo "1807"]
[BlackElo "1915"]
[PlyCount "76"]
[EventDate "2010.07.13"]
[EventType "swiss"]
[EventRounds "9"]
[EventCountry "ESP"]
[Source "lmi"]
[SourceDate "2010.07.13"]

1. e4 e6 2. d4 d5 3. exd5 exd5 4. Bd3 Nc6 5. c3 Bd6 6. Nf3 Nge7 7. Qc2 Bg4 8.
Nbd2 Qd7 9. O-O O-O-O 10. b4 Rde8 11. a4 h5 12. a5 Bf5 13. b5 Nd8 14. Rb1 Bxd3
15. Qxd3 g5 16. b6 a6 17. c4 c6 18. Nb3 g4 19. Nh4 Ne6 20. Be3 Ng7 21. Nc5 Bxc5
22. dxc5 Qe6 23. cxd5 Nxd5 24. Rfe1 Qf6 25. g3 Nxe3 26. Rxe3 Rxe3 27. Qxe3 Re8
28. Qd3 Rd8 29. Qe4 Rd5 30. Re1 Rxc5 31. Qe7 Qxe7 32. Rxe7 Ne6 33. Rxf7 Rd5 34.
Re7 Ng5 35. Rc7+ Kb8 36. Re7 Rd8 37. Kg2 Rc8 38. f4 gxf3+ 1/2-1/2

[Event "España ch 2010 sub-14"]
[Site "Linares ESP"]
[Date "2010.07.17"]
[Round "7.15"]
[White "Abal Cores, Lucas"]
[Black "Ruiz Font, Elisabet"]
[Result "1/2-1/2"]
[WhiteElo "1658"]
[BlackElo "1899"]
[PlyCount "72"]
[EventDate "2010.07.13"]
[EventType "swiss"]
[EventRounds "9"]
[EventCountry "ESP"]
[Source "lmi"]
[SourceDate "2010.07.13"]

1. e4 c5 2. c3 d5 3. exd5 Qxd5 4. d4 cxd4 5. cxd4 Nc6 6. Nf3 Bg4 7. Be2 e6 8.
O-O Nf6 9. Nc3 Qa5 10. Bf4 Be7 11. a3 Nd5 12. Nxd5 Qxd5 13. Qd2 O-O 14. Rfd1
Rfd8 15. Rac1 Rac8 16. h3 Bh5 17. Qe3 Bg6 18. Ne5 Nxe5 19. dxe5 Qa5 20. Rxc8
Rxc8 21. Bf3 Qa4 22. Rc1 Rxc1+ 23. Qxc1 Qd7 24. Be3 b6 25. Qc3 h6 26. g3 Bd8
27. b3 Qc7 28. Qd4 Be7 29. b4 Qd8 30. Qc3 Bd3 31. a4 Ba6 32. a5 bxa5 33. bxa5
Qd7 34. Kh2 Bd8 35. Qc5 Qc7 36. Qxa7 Qxa7 1/2-1/2

[Event "España ch 2010 sub-14"]
[Site "Linares ESP"]
[Date "2010.07.17"]
[Round "7.16"]
[White "Perez Cabas, Jose"]
[Black "Lopez Caudevilla, David"]
[Result "1/2-1/2"]
[WhiteElo "1873"]
[BlackElo "1635"]
[PlyCount "70"]
[EventDate "2010.07.13"]
[EventType "swiss"]
[EventRounds "9"]
[EventCountry "ESP"]
[Source "lmi"]
[SourceDate "2010.07.13"]

1. e4 c5 2. Nf3 Nc6 3. d4 cxd4 4. Nxd4 e5 5. Nb5 a6 6. Nd6+ Bxd6 7. Qxd6 Qf6 8.
Qd1 Qg6 9. Nc3 Nf6 10. Qd6 Qg4 11. f3 Qe6 12. Qxe6+ fxe6 13. Bg5 h6 14. Bxf6
gxf6 15. O-O-O Ke7 16. a4 Rb8 17. Rd2 Nd4 18. Ne2 Nxe2+ 19. Bxe2 Rg8 20. Bc4 b5
21. Bb3 Bb7 22. Rhd1 Bc6 23. a5 Rgd8 24. Rd6 Rbc8 25. Kb1 Bb7 26. Rb6 Rc7 27.
Ka2 Ra8 28. Ka3 Bc6 29. Kb4 Rb7 30. Kc5 Rc7 31. Kb4 Rb7 32. Rxb7 Bxb7 33. Kc5
Rb8 34. Kb6 Bxe4+ 35. Kxa6 Bc6 1/2-1/2